HIGHEST IN THE ROOM - Travis Scott (Full lyrics) - Statistics

General Stats
  • This quiz has been taken 13 times
  • The average score is 137 of 266
Answer Stats
Lyrics % Correct
highest
100%
I
100%
I'm
100%
in
100%
room
100%
the
100%
hear
92%
her
92%
here
92%
it
92%
make
92%
outta
92%
my
83%
My
83%
She
83%
she
83%
Hope
75%
mind
75%
Uh,
75%
up
75%
with
75%
a
67%
Ah,
67%
ideas
67%
Nah,
67%
nah,
67%
so
67%
fill
58%
gon'
58%
no
58%
we
58%
We
58%
be
50%
eyes,
50%
gone
50%
got
50%
Got
50%
I'll
50%
know
50%
me,
50%
me
50%
that
50%
That
50%
ya
50%
you
50%
you,
50%
You
50%
saw
42%
see
42%
some
42%
Yeah,
42%
can't
33%
fear
33%
it's
33%
It's
33%
might
33%
Now
33%
on
33%
soon
33%
things
33%
wanna
33%
When
33%
ain't
25%
Ain't
25%
back
25%
car,
25%
doin'
25%
don't
25%
fastest
25%
fumes
25%
of
25%
what
25%
zoom
25%
alive
17%
and
17%
around
17%
die
17%
feel
17%
lie
17%
love
17%
not
17%
'round
17%
say
17%
show,
17%
This
17%
this
17%
to
17%
wrapped
17%
baby,
8%
beard
8%
been
8%
break
8%
Case
8%
choose
8%
heart,
8%
Keep
8%
keep
8%
Legs
8%
life
8%
life,
8%
Live
8%
much
8%
pistol
8%
rules
8%
side
8%
they
8%
'til
8%
VIP
8%
Won't
8%
as
0%
block
0%
boot
0%
'bout
0%
comin'
0%
cross
0%
dawg,
0%
did
0%
Familia
0%
for
0%
from
0%
gang
0%
Gorgeous,
0%
hard
0%
kids
0%
La
0%
loot
0%
made
0%
molly,
0%
pourin'
0%
quesería
0%
Raw,
0%
raw,
0%
real
0%
Runnin',
0%
runnin'
0%
since
0%
stay
0%
steel
0%
stressin'
0%
thrill
0%
top
0%
Turn
0%
was
0%
No matching quizzes found
Score Distribution
Percent of People with Each Score
Percentile by Number Answered
Your Score History
You have not taken this quiz